| 000 | 01275cab a22002535a 4500 | ||
|---|---|---|---|
| 001 | L140810 | ||
| 008 | 071012s2007 xxk f 000 0 eng d | ||
| 035 | _a(Sirsi) u140810 | ||
| 041 | 0 | _aeng | |
| 100 | 1 | _aPemble, Stuart | |
| 245 | 0 | 0 |
_aDo we need the building regulations? _h[electronic resource] |
| 260 | _c2007 | ||
| 490 |
_aBuilding Engineer _v82(10)October 2007, 36-37(2) |
||
| 520 | _aReviews the purpose of, and need for, building regulations. Covers penalties for non-compliance and argues that in many cases even a successful prosecution does not result in major sanctions against offenders. Highlights the common problem of confusion with the regulatory framework. Suggests that self-regulation by end-users of buildings may have implications for the whole regulatory system. Concludes that laws should be kept as sparse as possible, that regulations may not be having their intended effect, and that the system is in any case capable of self regulating. | ||
| 590 | _aKA | ||
| 650 | 2 | 4 | _aPUBLIC HEALTH ACT 1875 |
| 650 | 2 | 4 | _aBUILDING ACT 1984 |
| 650 | 2 | 4 | _aMURPHY V BRENTWOOD DC |
| 650 | 2 | 4 | _aREGULATORY REFORM (FIRE SAFETY) ORDER 2005 |
| 651 | 4 |
_aUnited Kingdom _y |
|
| 690 |
_aBuilding regulations _96224 |
||
| 700 | 1 | _aMartin, David | |
| 942 | _n0 | ||
| 999 |
_c79351 _d79351 |
||